2018 World Cup Group A Results and Scores - Statistics

General Stats
  • This quiz has been taken 205 times
    193 since last reset
  • The average score is 8 of 12
Answer Stats
Hint Teams Answer % Correct
Winner M1 Russia
98%
Winner M2 Uruguay
80%
Winner M3 Russia
77%
Winner M5 Uruguay
76%
Winner M4 Uruguay
75%
Winner M6 Saudi Arabia
73%
Score M1 R-SA 5-0
60%
Score M2 E-U 0-1
48%
Score M3 R-E 3-1
45%
Score M4 U-SA 1-0
43%
Score M6 SA-E 2-1
43%
Score M5 U-R 3-0
40%
No matching quizzes found
Score Distribution
Percent of People with Each Score
Percentile by Number Answered
Your Score History
You have not taken this quiz since the last reset